International Relations / The Global Condition in the Late Twentieth Century (Record no. 4038)
[ view plain ]
| 000 -LEADER | |
|---|---|
| fixed length control field | 01561cam a22002174a 4500 |
| 005 - ΗΜΕΡΟΜΗΝΙΑ ΚΑΙ ΩΡΑ ΤΕΛΕΥΤΑΙΑΣ ΕΝΗΜΕΡΩΣΗΣ | |
| Πεδίο ελέγχου | 20250605164134.0 |
| 008 - FIXED-LENGTH DATA ELEMENTS--GENERAL INFORMATION | |
| Πεδίο ελέγχου σταθερού μήκους | 250528s ||||||||||||||||||||||||d |
| 035 ## - SYSTEM CONTROL NUMBER | |
| System control number | 18713 |
| 020 ## - ISBN | |
| ISBN | 394368770 |
| 040 ## - ΠΗΓΗ ΚΑΤΑΛΟΓΟΓΡΑΦΗΣΗΣ | |
| Φορέας πρωτότυπης καταλογογράφησης | MC Athens Campus Library |
| Γλώσσα καταλογογράφησης | Ελληνικά, Μοντέρνα (1453-) |
| Modifying agency | MC Athens Campus Library |
| Κανόνες περιγραφικής καταλογογράφησης | AACR2 |
| 245 1# - ΤΙΤΛΟΣ ΚΑΙ ΔΗΛΩΣΗ ΥΠΕΥΘΥΝΟΤΗΤΑΣ | |
| Τίτλος | International Relations / The Global Condition in the Late Twentieth Century |
| 250 ## - EDITION STATEMENT | |
| Edition statement | 2nd |
| 260 ## - PUBLICATION, DISTRIBUTION, ETC. | |
| Name of publisher, distributor, etc. | Random House, |
| Date of publication, distribution, etc. | 1988 |
| 300 ## - PHYSICAL DESCRIPTION | |
| Extent | 622 |
| 520 ## - SUMMARY, ETC. | |
| Summary, etc. | Introduction, The Study of International Relations and or Getting a Handle on the World, A Glimpse Into the Past: The Historical Development of the International System, A Bird's Eye View of the Present: The Contemporary International System, National Actors and International Interactions, Describing Foreign Policy Behavior: What Is It Nation-States Do?, Explaining Foreign Policy Behavior: Why Do Nation-States Do What They Do?, The Foreign Policy Process: A View from the Inside, Playing the Game of International Relations: Diplomacy Before Force, Breakdown in the Game: The Resort to Armed Force, International Institutions, International Law: Myth or Reality?, International Organizations: Links Between Governments and Between Peoples, The Global Condition: The Politics of Global Problem Solving, The Control of Violence: Combatting International Terrorism, The Promotion of Prosperity: Keeping the World Economy Running, Economic Development: The Call for a New International Economic Order |
| 700 1# - ΠΡΟΣΘΕΤΗ ΑΝΑΓΡΑΦΗ--ΦΥΣΙΚΟ ΠΡΟΣΩΠΟ | |
| Personal name | Pearson Frederic S |
| 9 (RLIN) | 4964 |
| 700 1# - ΠΡΟΣΘΕΤΗ ΑΝΑΓΡΑΦΗ--ΦΥΣΙΚΟ ΠΡΟΣΩΠΟ | |
| Personal name | Rochester Martin J |
| 9 (RLIN) | 4965 |
| 942 ## - ADDED ENTRY ELEMENTS (KOHA) | |
| Koha item type | Books |
| Τύπος τεκμηρίου | Βιβλιοθήκη | Τρέχουσα τοποθεσία | Barcode | Αριθμός εισαγωγής | Ημερομηνία απόκτησης | Ταξιθετικό σύμβολο | Αριθμός αντιτύπου | Κατάσταση απόσυρσης | Κατάσταση χαμένου | Κατάσταση κατεστραμμένου | Μη δανεισμός | Σύνολο δανεισμών | Ημερομηνία τελευταίας εμφάνισης | Η τιμή ισχύει από |
|---|---|---|---|---|---|---|---|---|---|---|---|---|---|---|
| Books | MC Athens Campus Library | MC Athens Campus Library | 9780000040374 | 3622 | 05/06/2025 | 327 PEA | 1 | 05/06/2025 | 05/06/2025 |